|
|
|
|
| LEADER |
01237nam a2200337 i 4500 |
| 001 |
28276 |
| 003 |
BD-DhAAL |
| 005 |
20141206142458.0 |
| 008 |
141206t20092009ii b 001 0 eng |
| 010 |
|
|
|a 2009310557
|
| 020 |
|
|
|a 9788172735111
|
| 020 |
|
|
|a 9788172734909 (page 4 of cover)
|
| 025 |
|
|
|a I-E-2009-310557; 95-13
|
| 035 |
|
|
|a (IN-NdUBS) 2009310557
|
| 037 |
|
|
|b Library of Congress -- New Delhi Overseas Office
|c Rs475.00
|
| 040 |
|
|
|a DLC
|b eng
|c DLC
|d DLC
|d BD-DhAAL
|e rda
|
| 042 |
|
|
|a lcode
|a pcc
|
| 043 |
|
|
|a a-ii---
|
| 050 |
0 |
0 |
|a LA1153
|b .D38 2009
|
| 082 |
|
|
|2 22
|a 378.54/09/04
|
| 100 |
1 |
|
|a Das, Purba.
|9 6607
|
| 245 |
1 |
0 |
|a Higher education in India /
|c Purba Das.
|
| 260 |
|
|
|a New Delhi :
|b Authors Press,
|c 2009, ©2009.
|
| 300 |
|
|
|a ix, 200 pages ;
|c 22 cm
|
| 500 |
|
|
|a "Strictly on the basis of prescribed syllabus with modern trends."
|
| 504 |
|
|
|a Includes bibliographical references (pages 193-196) and index.
|
| 541 |
|
|
|e 28276
|
| 650 |
|
0 |
|a Education, Higher
|z India.
|9 6608
|
| 942 |
|
|
|2 ddc
|c BK
|
| 999 |
|
|
|c 33234
|d 33234
|
| 952 |
|
|
|0 0
|1 0
|2 ddc
|4 0
|6 378_540904000000000_DAS
|7 0
|9 44364
|a BRACUL
|b BRACUL
|c GEN
|d 2014-12-06
|e Karim International
|g 850.00
|l 0
|o 378.540904 DAS
|p 3010028276
|r 2014-12-06
|t 1
|w 2014-12-06
|y BK
|